00752nam a2200193 a 450000100100000000500170001000800410002704000250006808200170009310000490011024500940015926000460025330000200029950000430031971000490036204900090041195201210042099900170054100002565620200930023940.0110218s1978 ve r 000 0 por d aDO-SdBNPbspacBNPHU axxxxxbP259m1 aParra Pérez, Caracciolo,d1888-196394112210aMiranda e a independencia do Brasil :bhomenagem a Sao Paulo /cCaracciolo Parra Pérez. a[Caracas] :bGoverno da Venezuela,c1978. a13 p. ;c24 cm. aIncluye notas al pie de las páginas.1 aMinisterio de Información y Turismo952393 aBNGR 001054708MOaGRbGRcCTd2011-02-18iLF1l0oxxxxx P259mp25656-10r2020-06-25w2020-06-25y4ZPréstamo en sala c25148d25148